| 000 | 00810cam a2200217 4500 | ||
|---|---|---|---|
| 001 | ABS66049 | ||
| 008 | 021024n2002 000 0 eng u | ||
| 035 | _a(Sirsi) u120252 | ||
| 100 | _aAllan, R. | ||
| 245 | 4 | _aThe protection of hedgerows as part of Britain's cultural heritage | |
| 260 | _c2002 | ||
| 490 |
_aArt Antiquity and Law _v7(2) June 2002, 179-194(9) |
||
| 520 | _aThis study focuses on the changing attitudes towards hedgerows in Britain, exploring the historical reasons for the decline in hedgerows and analysing the effectiveness of provisions for their future protection. | ||
| 590 | _aABS | ||
| 650 | _aHEDGEROWS | ||
| 650 | _aPROTECTION | ||
| 650 | _aHISTORY | ||
| 650 | _aCULTURAL HERITAGE | ||
| 690 | _aENVIRONMENTAL AND LAND CONSULTANCY-ENVIRONMENTAL MANAGEMENT | ||
| 942 | _n0 | ||
| 999 |
_c71439 _d71439 |
||